|
|
|
|
| LEADER |
00955nam a2200253 a 4500 |
| 001 |
710811 |
| 008 |
100617r20061998caua b 001 0 eng d |
| 010 |
|
|
|a 97043028
|
| 020 |
|
|
|a 012466606X
|
| 020 |
|
|
|a 9788131202542
|
| 020 |
|
|
|a 8131202542
|
| 040 |
|
|
|a DLC
|c DLC
|d DLC
|
| 082 |
0 |
0 |
|a 621.382
|2 21
|
| 100 |
1 |
|
|a Mallat, S. G.
|q (Stephane G.)
|
| 245 |
1 |
2 |
|a A wavelet tour of signal processing /
|c Stephane Mallat.
|
| 260 |
|
|
|a San Diego :
|b Academic Press, ;
|a New Delhi :
|b Elsevier,
|c c1998.[Reprinted 2006]
|
| 300 |
|
|
|a xxiv, 637 p. :
|b ill. ;
|c 24 cm.
|
| 504 |
|
|
|a Includes bibliographical references (p. 603-628) and index.
|
| 541 |
1 |
|
|e 00018065
|
| 650 |
|
0 |
|a Signal processing
|x Mathematics.
|
| 650 |
|
0 |
|a Wavelets (Mathematics)
|
| 852 |
4 |
|
|a Ayesha Abed Library
|j General shelf
|
| 999 |
|
|
|c 8976
|d 8976
|
| 952 |
|
|
|0 0
|1 0
|2 ddc
|4 0
|6 621_382000000000000_MAL_2006
|7 0
|9 11106
|a BRACUL
|b BRACUL
|c GEN
|d 2010-06-20
|l 0
|o 621.382 MAL
|p 3010018065
|r 2010-06-20
|t 1
|w 2010-06-20
|y BK
|